LEADER 00835nam0-22003131i-450 001 990001778580403321 005 20190807113742.0 010 $a92-5-200570-6 035 $a000177858 035 $aFED01000177858 035 $a(Aleph)000177858FED01 035 $a000177858 100 $a20030910d1982----km-y0itay50------ba 101 0 $afre 200 1 $a<>eucalyptus dans les reboisements$fFAO 210 $aRoma$cFAO$d1982 215 $aXXIV, 753 p.$d25 cm 225 1 $aCollection FAO$iForets$v11 610 0 $aEucalyptus 610 0 $aRimboschimento 676 $a634.973 42 710 02$aFAO$017670 801 0$aIT$bUNINA$gRICA$2UNIMARC 901 $aBK 912 $a990001778580403321 952 $a60 634.973 ONUA 1982$fFAGBC 959 $aFAGBC 996 $aEucalyptus dans les reboisements$9409458 997 $aUNINA